Man and the maritime environment /

Bibliographic Details
Other Authors: Fisher, Harold Edward Stephen
Format: Book
Language:English
Published: Exeter, UK : University of Exeter Press, 1994.
Series:Exeter maritime studies ; no. 9.
Subjects:

MARC

Tag First Indicator Second Indicator Subfields
LEADER 00000cam a2200000 a 4500
001 in00001229331
005 20151003061819.0
008 941102s1994 enkab b 000 0 eng d
020 |a 0859893936 (pbk.) 
035 |a (OCoLC)31391352 
035 |9 AGS5900AM 
040 |a EUN  |c EUN  |d CUY  |d GZQ  |d UIU  |d TXA  |d UtOrBLW 
043 |a e-uk-en 
049 |a TXAM 
090 |a GN386  |b .M35 1994 
092 0 |a 910.45  |b M311  |2 20 
245 0 0 |a Man and the maritime environment /  |c edited by Stephen Fisher. 
264 1 |a Exeter, UK :  |b University of Exeter Press,  |c 1994. 
300 |a x, 233 pages :  |b illustrations, maps ;  |c 23 cm. 
336 |a text  |b txt  |2 rdacontent 
337 |a unmediated  |b n  |2 rdamedia 
338 |a volume  |b nc  |2 rdacarrier 
490 1 |a Exeter maritime studies ;  |v no. 9 
504 |a Includes bibliographical references. 
505 0 |a  British governmental attitudes to marine science / Margaret Deacon -- Modern U.S. Pacific oceanography and the legacy of British and Northern European science / Harry N. Scheiber -- Cornish and Scillonian marine studies, past and present / Stella Maris Turk -- Effect of changing climate on marine life: past events and future predictions / A.J. Southward and G.T. Boalch -- Sailing-ship seafarers and sea creatures / Michael Stammers -- Deavon seaside tourism and the coastal environment, 1750-1900 / John F. Travis -- Pollution and resort development: Teignmouth in the twentieth century, and especially in recent years / John Channon -- Seaman's conception of himself / Kim Montin -- Occupational conditioning: first voyage in Passat / Alston Kennerley 
650 0 |a Seafaring life  |z England  |z West Country. 
650 0 |a Maritime anthropology. 
700 1 |a Fisher, Harold Edward Stephen. 
830 0 |a Exeter maritime studies ;  |v no. 9. 
999 |a MARS 
999 f f |s 48e370dc-d683-3a08-97a6-63ae8f5205ad  |i e89dc00b-b581-3f26-b1a7-cfac15856c7a  |t 0 
952 f f |p ric  |a Texas A&M University  |b Rellis Campus  |c Joint Library Facility  |d Remote Storage  |t 0  |e GN386 .M35 1994  |h Library of Congress classification  |i unmediated -- volume  |m A14819407591 
998 f f |a GN386 .M35 1994  |t 0  |l Remote Storage